000 00723nam a2200253Ia 4500
003 OSt
005 20220926034034.0
006 a|||||r|||| 00| 0
007 ta
008 220923b |||||||| |||| 00| 0 eng d
020 _a0844741442
037 _cGeneral Book
040 _aRTL
_cRTL
_beng
041 _2eng
_aeng
082 _aX72.73.P, P1
100 _aHassett Kevin A Ed.
_9339945
245 0 _aInequality and tax policy
260 _aWashington
_bAmerican Enterprise Institute
_c2001
300 _axv,245p.
_ccm.
650 _aTax
700 _a Hubbard R Glenn Ed.
_9255384
942 _hX72.73.P, P1
_cGB
_2CC
999 _c658570
_d658570